000 00683nam a2200253Ia 4500
003 OSt
005 20221005091317.0
006 a|||||r|||| 00| 0
007 ta
008 221004b |||||||| |||| 00| 0 eng d
020 _a0333924282
024 _a79219
037 _cTextual
040 _aCRL
_cCRL
_beng
041 _2eng
_aeng
082 _aW:5, P4
100 _aKallen Evelyn
_9456744
245 0 _aSocial inequality and social injustice
_b Human rights perspective
260 _aNew York
_bPalgrave Macmillan
_c2004
300 _a216p.
_ccm.
650 _aPOLITICAL SCIENCE
942 _hW:5, P4
_cTEXL
_2cc
999 _c997072
_d997072